=LDR 00000nam 2200000 4500 =001 INLIS000000000026646 =005 20200615085915 =035 ##$$a 0010-061300000026646 =008 200615################g##########0#ind## =041 ##$$a ind =082 ##$$a 2x4.1 =090 ##$$a 2x4.1, Mus a =100 1#$$a Musthofa, Abdul Aziz =245 1#$$a Agar anda dicintai Allah, : $b 10 kiat dari Al-Imam Ibnu Qoyyim Al-Jauziyah, /$c Abdul aziz Musthofa; penerjemah, Abu Muhmmad =260 ##$$a Jakarta :$b Pustaka At-Tazkia,$c 2005 =300 ##$$a xiv, 192 hlm., ; $c 14 x 21 cm =650 #4$$a Ibadah (Islam) =700 #$$a Muhammad, abu =850 ##$$a NBPNMAT =020 ##$$a 979-98860-6-6 =084 ##$$a 2x4.1 MUS a =250 ##$$a cet.1 =990 ##$$a 20704396